Central Library OPAC University of Rajshahi

Elements of Public Administration / (Record no. 5216)

MARC details
000 -LEADER
fixed length control field 00803nam a2200253I 4500
001 - CONTROL NUMBER
control field 5216
003 - CONTROL NUMBER IDENTIFIER
rucl marc code BD-RjUL
005 - DATE AND TIME OF LATEST TRANSACTION
control field 20211208234030.0
008 - FIXED-LENGTH DATA ELEMENTS--GENERAL INFORMATION
fixed length control field 131224t19591946nju b 001 0 eng
035 ## - SYSTEM CONTROL NUMBER
System control number (BD-RjUL)5252
040 ## - CATALOGING SOURCE
Original cataloging agency DLC
Transcribing agency WSU
Modifying agency NRC
-- BD-RjUL
Language of cataloging eng
041 ## - LANGUAGE CODE
Language code of text/sound track or separate title eng
082 04 - DEWEY DECIMAL CLASSIFICATION NUMBER
Edition number 23
Classification number 350
Author mark and year ELE 1959
245 00 - TITLE STATEMENT
Title Elements of Public Administration /
Statement of responsibility, etc. James W. Fesler...[et. al.] ; edited by Fritz Morstein Marx
250 ## - EDITION STATEMENT
Edition statement 2nd ed.
260 ## - PUBLICATION, DISTRIBUTION, ETC. (IMPRINT)
Place of publication, distribution, etc. Englewood Cliffs, N.J. :
Name of publisher, distributor, etc. Prentice-Hall,
Date of publication, distribution, etc. 1959.
300 ## - PHYSICAL DESCRIPTION
Pagination 572 p. ;
Size 24 cm.
504 ## - BIBLIOGRAPHY, ETC. NOTE
Bibliography, etc Includes bibliographical reference and index.
650 #0 - SUBJECT ADDED ENTRY--TOPICAL TERM
Topical term or geographic name as entry element Public Administration.
9 (RLIN) 16408
700 ## - ADDED ENTRY--PERSONAL NAME
Personal name Fesle, James W. ... [et. al.]
Personal name Marx, Fritz Morstein, ed.
942 ## - ADDED ENTRY ELEMENTS (KOHA)
Source of classification or shelving scheme Dewey Decimal Classification
Koha item type Books
Holdings
Lost status Source of classification or shelving scheme Damaged status Not for loan Collection code Permanent Location Current Location Shelving location Date acquired Source of acquisition Cost, normal purchase price Total Checkouts Full call number Date last seen Copy number Koha item type Date checked out
  Dewey Decimal Classification     Non-fiction Central Library, University of Rajshahi Central Library, University of Rajshahi   12/10/1969 mirza book agency lahore 43.75   350 ELE 1959 24/12/2013 C-8 Books  
  Dewey Decimal Classification     Non-fiction Central Library, University of Rajshahi Central Library, University of Rajshahi   12/09/1969 Mirza book agency lahore 43.75 2 350 ELE 1959 12/03/2016 C-2 Books 19/12/2015
  Dewey Decimal Classification     Non-fiction Central Library, University of Rajshahi Central Library, University of Rajshahi   12/09/1969 mirza book agency lahore 43.75   350 ELE 1959 04/08/2016 C-3 Books  
  Dewey Decimal Classification     Fiction Central Library, University of Rajshahi Central Library, University of Rajshahi   12/10/1964 Zeitlinger 43.75   350 ELE 1959 06/08/2016 C-4 Books  
  Dewey Decimal Classification     Fiction Central Library, University of Rajshahi Central Library, University of Rajshahi   12/10/1964 Zeitlinger 43.75   350 ELE 1959 06/08/2016 C-5 Books  
  Dewey Decimal Classification     Fiction Central Library, University of Rajshahi Central Library, University of Rajshahi   12/10/1964 Zeitlinger 43.75   350 ELE 1959 06/08/2016 C-6 Books  
  Dewey Decimal Classification     Fiction Central Library, University of Rajshahi Central Library, University of Rajshahi   12/10/1964 Zeitlinger 43.75   350 ELE 1959 06/08/2016 C-7 Books  
  Dewey Decimal Classification     Fiction Central Library, University of Rajshahi Central Library, University of Rajshahi   12/10/1964 Zeitlinger 43.75   350 ELE 1959 06/08/2016 C-9 Books  
  Dewey Decimal Classification     Fiction Central Library, University of Rajshahi Central Library, University of Rajshahi   12/10/1964 Zeitlinger 43.75   350 ELE 1959 06/08/2016 C-10 Books  
  Dewey Decimal Classification   Not For Loan Fiction Central Library, University of Rajshahi Central Library, University of Rajshahi Reading Room 12/10/1964 Zeitlinger 43.75   350 ELE 1959 06/08/2016 C-1 Books